000
00250nam a2200121Ia 4500
008
190216s9999||||xx |||||||||||||| ||und||
100
_a
Madan Kaspap
245
0
_a
Hindi-Mathmeth
260
_b
Sami
300
_a
140
650
_a
Hindi
942
_c
BK
999
_c
16337
_d
16337